Open systems dependability : (Record no. 22661)

MARC details
000 -LEADER
fixed length control field 01565cam a22002895a 4500
001 - CONTROL NUMBER
control field 19022735
005 - DATE AND TIME OF LATEST TRANSACTION
control field 20161017150553.0
008 - FIXED-LENGTH DATA ELEMENTS--GENERAL INFORMATION
fixed length control field 160319t2015 flua frb 001 0 eng d
010 ## - LIBRARY OF CONGRESS CONTROL NUMBER
LC control number 2015490960
020 ## - INTERNATIONAL STANDARD BOOK NUMBER
International Standard Book Number 9781498736282 (hardback : acid-free paper)
020 ## - INTERNATIONAL STANDARD BOOK NUMBER
International Standard Book Number 1498736289
040 ## - CATALOGING SOURCE
Original cataloging agency DLC
Language of cataloging eng
Transcribing agency DLC
Modifying agency EG-ScBUE
082 04 - DEWEY DECIMAL CLASSIFICATION NUMBER
Classification number 004.2
Item number OPE
Edition number 22
245 00 - TITLE STATEMENT
Title Open systems dependability :
Remainder of title dependability engineering for ever-changing systems /
Statement of responsibility, etc editor, Mario Tokoro.
250 ## - EDITION STATEMENT
Edition statement 2nd ed.
260 ## - PUBLICATION, DISTRIBUTION, ETC. (IMPRINT)
Place of publication, distribution, etc Boca Raton :
Name of publisher, distributor, etc CRC Press / Taylor & Francis Group,
Date of publication, distribution, etc c.2015.
300 ## - PHYSICAL DESCRIPTION
Extent x, 276 p. :
Other physical details ill. ;
Dimensions 24 cm.
500 ## - GENERAL NOTE
General note "A Science Publishers Book."
504 ## - BIBLIOGRAPHY, ETC. NOTE
Bibliography, etc Includes bibliographical references and index.
520 ## - SUMMARY, ETC.
Summary, etc The book describes a fundamentally new approach to software dependability, considering a software system as an ever-changing system due to changes in service objectives, users' requirements, standards and regulations, and to advances in technology. Such a system is viewed as an Open System since its functions, structures, and boundaries are constantly changing. Thus, the approach to dependability is called Open Systems Dependability. The DEOS technology realizes Open Systems Dependability. It puts more emphasis on stakeholders' agreement and accountability achievement for business/service cont.
650 #0 - SUBJECT ADDED ENTRY--TOPICAL TERM
Topical term or geographic name as entry element Fault-tolerant computing.
Source of heading or term BUEsh
650 #0 - SUBJECT ADDED ENTRY--TOPICAL TERM
Topical term or geographic name as entry element Computer systems
General subdivision Reliability.
Source of heading or term BUEsh
651 ## - SUBJECT ADDED ENTRY--GEOGRAPHIC NAME
Source of heading or term BUEsh
653 ## - INDEX TERM--UNCONTROLLED
Resource For college Informatics and Computer Science
Arrived date list October2016
700 1# - ADDED ENTRY--PERSONAL NAME
Personal name Tokoro, Mario,
Dates associated with a name 1947-
Relator term editor.
942 ## - ADDED ENTRY ELEMENTS (KOHA)
Source of classification or shelving scheme Dewey Decimal Classification
Holdings
Withdrawn status Item status Source of classification or shelving scheme Damaged status Not for loan Vendor Home library Current library Shelving location Date acquired Source of acquisition Cost, normal purchase price Serial Enumeration / chronology Total Checkouts Full call number Barcode Date last seen Cost, replacement price Koha item type
    Dewey Decimal Classification     Academic Bookshop Central Library Central Library Lower Floor 17/10/2016 Purchase 812.00 9128   004.2 OPE 000034153 15/07/2025 1015.00 Book - Borrowing